000 00313nam a2200133 a 4500
005 20140414093836.0
008 110304s19uu xx 00 eng d
050 _aCDR 515
_bMUL 1995
245 _aMultimedia calculus II.
260 _bPro One,
_c1995.
650 _aCalculus
942 _cAVM
999 _c109005
_d109005